[Event "POL-chT Academic"]
[Site "Katowice"]
[Date "2018.02.03"]
[Round "1.4"]
[White "Kuzniarz, Maciej"]
[Black "Gawiec, Konrad"]
[Result "0-1"]
[WhiteElo "1548"]
[BlackElo "1980"]
[PlyCount "74"]
[EventDate "2018.02.03"]
[EventType "team-swiss (rapid)"]
[EventRounds "9"]
[EventCountry "POL"]
[SourceTitle "CBM 182 Extra"]
[Source "ChessBase"]
[SourceDate "2018.02.23"]
[SourceVersion "1"]
[SourceVersionDate "2018.02.23"]
[SourceQuality "1"]
[WhiteTeam "Lublin UMCS"]
[BlackTeam "Krakow AGH"]
[WhiteTeamCountry "POL"]
[BlackTeamCountry "POL"]

1. e4 c5 2. Nf3 Nc6 3. Bb5 g6 4. 0-0 Bg7 5. Re1 e5 6. Nc3 Nge7 7. Bxc6 dxc6 8. d3 0-0 9. Be3 b6 10. Qd2 Bg4 11. Bh6 Bxf3 12. Bxg7 Kxg7 13. gxf3 Ng8 14. f4 f6 15. Kh1 Qd6 16. Ne2 Rad8 17. b3 Nh6 18. Rg1 f5 19. fxe5 Qxe5 20. Qf4 Qxf4 21. Nxf4 Rde8 22. Nh5+ Kf7 23. Ng3 fxe4 24. Nxe4 Nf5 25. Rae1 Kg7 26. Ng5 Nd4 27. c3 Nc2 28. Ne4 Nxe1 29. Rxe1 Rxf2 30. Nxf2 Rxe1+ 31. Kg2 Re2 32. Kg3 Rxa2 33. Ng4 Rc2 34. Ne5 Rxc3 35. Nxc6 Rxd3+ 36. Kf4 Rxb3 37. Nxa7 c4 0-1

[Event "POL-chT3 Podkarpackie"]
[Site "Czudec"]
[Date "2016.05.29"]
[Round "5.10"]
[White "Gawiec, Konrad"]
[Black "Klis, Michal"]
[Result "1-0"]
[WhiteElo "1987"]
[BlackElo "1654"]
[PlyCount "136"]
[EventDate "2016.05.27"]
[EventType "team-tourn"]
[EventRounds "9"]
[EventCountry "POL"]
[SourceTitle "EXT 2018"]
[Source "ChessBase"]
[SourceDate "2017.10.13"]
[SourceVersion "1"]
[SourceVersionDate "2017.10.13"]
[SourceQuality "1"]
[WhiteTeam "Czarna LKSz GCKiP II"]
[BlackTeam "Sedziszow Malopolski"]
[WhiteTeamCountry "POL"]
[BlackTeamCountry "POL"]

1. Nf3 d5 2. g3 Nf6 3. Bg2 e6 4. d3 c5 5. Nbd2 Nc6 6. 0-0 e5 7. e4 d4 8. Nc4 Bd6 9. Nh4 b5 10. Nxd6+ Qxd6 11. a4 b4 12. Nf5 Bxf5 13. exf5 Rc8 14. f4 Kd8 15. Re1 Re8 16. Qf3 Re7 17. Bd2 h5 18. h3 g6 19. fxg6 fxg6 20. Re2 Nd7 21. Rae1 Kc7 22. f5 Rf8 23. Bg5 Ref7 24. Qxc6+ Qxc6 25. Bxc6 Kxc6 26. fxg6 Rf5 27. Bh4 Rg8 28. Rf1 Rxf1+ 29. Kxf1 Rxg6 30. Kg2 Kd6 31. Rf2 Ke6 32. b3 a6 33. Rf1 Rg7 34. Rf2 Rg6 35. Kf3 Rg7 36. Ke4 Rh7 37. Bg5 Rg7 38. h4 Rg8 39. Rf1 Rg6 40. Kf3 Rg8 41. Kg2 Rg7 42. Kh3 Rg8 43. g4 hxg4+ 44. Kxg4 Rf8 45. Rxf8 Nxf8 46. h5 Nh7 47. Bd8 e4 48. dxe4 c4 49. Ba5 d3 50. Bxb4 dxc2 51. Ba3 cxb3 52. Kf4 Kf7 53. e5 Ke6 54. h6 a5 55. Bc1 Nf8 56. Ke4 Nh7 57. Kd4 Nf8 58. Ke4 Nh7 59. Kd4 Nf8 60. Bb2 Kf5 61. Kd5 Kg6 62. Ba3 Kf7 63. Kc4 Kg6 64. Kxb3 c1Q 65. Bxc1 Kf5 66. Bd2 Kxe5 67. Bxa5 Kd5 68. Bd2 Kc5 1-0

[Event "POL-chT3 Podkarpackie"]
[Site "Czudec"]
[Date "2016.05.29"]
[Round "4.28"]
[White "Wozny, Tomasz"]
[Black "Gawiec, Konrad"]
[Result "1/2-1/2"]
[WhiteElo "1758"]
[BlackElo "1987"]
[PlyCount "86"]
[EventDate "2016.05.27"]
[EventType "team-tourn"]
[EventRounds "9"]
[EventCountry "POL"]
[SourceTitle "EXT 2018"]
[Source "ChessBase"]
[SourceDate "2017.10.13"]
[SourceVersion "1"]
[SourceVersionDate "2017.10.13"]
[SourceQuality "1"]
[WhiteTeam "Przemysl MKS Polonia"]
[BlackTeam "Czarna LKSz GCKiP II"]
[WhiteTeamCountry "POL"]
[BlackTeamCountry "POL"]

1. d4 d6 2. Nf3 g6 3. c4 Bg7 4. Nc3 Nd7 5. e4 c5 6. Be3 cxd4 7. Nxd4 Ngf6 8. h3 0-0 9. Be2 Nc5 10. Qc2 Qa5 11. 0-0 Bd7 12. Rab1 Ne6 13. b4 Nxd4 14. Bxd4 Qg5 15. Qd3 Nh5 16. Be3 Nf4 17. Bxf4 Qxf4 18. Nd5 Qe5 19. Rfd1 f5 20. f4 Qxe4 21. Qxe4 fxe4 22. Nxe7+ Kf7 23. Nd5 Rac8 24. Rbc1 h5 25. g4 h4 26. Kf2 g5 27. fxg5 Kg6+ 28. Ke3 Kxg5 29. Rf1 Be5 30. Rxf8 Rxf8 31. Rf1 Rc8 32. Kxe4 Be6 33. a4 Bg8 34. Rf5+ Kh6 35. Ne7 Re8 36. Nxg8+ Rxg8 37. Kd5 Bg3 38. Bd3 Rc8 39. Be2 Kg7 40. Rg5+ Kf6 41. Rf5+ Kg7 42. Rg5+ Kf6 43. Rf5+ Kg7 1/2-1/2

[Event "POL-chT U26 rapid"]
[Site "Hucisko"]
[Date "2016.01.16"]
[Round "2.24"]
[White "Staniszewska, Urszula"]
[Black "Gawiec, Konrad"]
[Result "1/2-1/2"]
[WhiteElo "1813"]
[BlackElo "1983"]
[PlyCount "147"]
[EventDate "2016.01.16"]
[EventType "team-swiss (rapid)"]
[EventRounds "9"]
[EventCountry "POL"]
[SourceTitle "CBM 170 Extra"]
[Source "ChessBase"]
[SourceDate "2016.02.25"]
[SourceVersion "1"]
[SourceVersionDate "2016.02.25"]
[SourceQuality "1"]
[WhiteTeam "Warsaw SGGW"]
[BlackTeam "Krakow AGH"]
[WhiteTeamCountry "POL"]
[BlackTeamCountry "POL"]

1. e4 c5 2. Nc3 Nc6 3. g3 d6 4. Bg2 g6 5. f4 Bg7 6. Nf3 e6 7. 0-0 Nge7 8. d3 Rb8 9. Kh1 b5 10. Ne2 0-0 11. d4 cxd4 12. Nexd4 e5 13. Nxc6 Nxc6 14. fxe5 dxe5 15. Qxd8 Rxd8 16. Be3 a6 17. c3 Be6 18. Rf2 Rd3 19. Bc5 Rbd8 20. h3 Rd1+ 21. Rf1 Rxf1+ 22. Bxf1 f5 23. exf5 gxf5 24. Be3 Bd5 25. Kg2 f4 26. gxf4 exf4 27. Bc5 Ne5 28. Be2 Bxf3+ 29. Bxf3 Rd2+ 30. Bf2 Nd3 31. Rf1 Rxb2 32. Kg1 Bxc3 33. Bb6 Bd2 34. Bd5+ Kf8 35. Be4 Nb4 36. Bxh7 Rxa2 37. Bc5+ Kg7 38. Bb1 Ra3 39. Bxb4 Bxb4 40. Rxf4 Bc5+ 41. Kg2 Bd6 42. Rd4 Be5 43. Rg4+ Kf6 44. Rg6+ Ke7 45. Rg5 Bf6 46. Rg4 Rb3 47. Bf5 Rb2+ 48. Kf3 a5 49. Re4+ Kf7 50. Re3 b4 51. Bd7 Rd2 52. Ba4 Bd4 53. Re4 Bc3 54. Rf4+ Kg7 55. Rf5 Ra2 56. Rxa5 b3 57. Rg5+ Kf6 58. Rg4 b2 59. Bc2 Ra1 60. Rc4 Rc1 61. Bd3 Be5 62. Rb4 Rc3 63. Ke2 Ra3 64. Rb7 Ra2 65. Kf3 Ra1 66. Kg2 Rd1 67. Bh7 Rd2+ 68. Kf3 Rh2 69. Kg4 Rg2+ 70. Kf3 Rg3+ 71. Ke4 Rxh3 72. Rb6+ Kg5 73. Kxe5 Rxh7 74. Rxb2 1/2-1/2

[Event "POL-chT U19 45th"]
[Site "Maslow Pierwszy"]
[Date "2014.08.02"]
[Round "9"]
[White "Gawiec, Konrad"]
[Black "Zochowski, Kacper"]
[Result "1/2-1/2"]
[WhiteElo "1978"]
[BlackElo "2047"]
[PlyCount "40"]
[EventDate "2014.07.25"]
[EventType "team-tourn"]
[EventRounds "9"]
[EventCountry "POL"]
[SourceTitle "EXT 2015"]
[Source "ChessBase"]
[SourceDate "2014.11.20"]
[SourceVersion "1"]
[SourceVersionDate "2014.11.20"]
[SourceQuality "1"]
[WhiteTeam "Czarna LKSz GCKiP U19"]
[BlackTeam "Bialystok MUKS Stoczek 45 U19"]
[WhiteTeamCountry "POL"]
[BlackTeamCountry "POL"]

1. e4 c5 2. Nf3 e6 3. d4 cxd4 4. Nxd4 Nf6 5. Nc3 d6 6. Be3 a6 7. a4 Nc6 8. Be2 Bd7 9. 0-0 Be7 10. Nb3 0-0 11. f4 Nb4 12. Bf3 Bc6 13. Qd2 e5 14. Rad1 Qb8 15. g4 exf4 16. Bxf4 Qa7+ 17. Be3 Qb8 18. Bf4 Qa7+ 19. Be3 Qb8 20. Bf4 Qa7+ 1/2-1/2

[Event "Golden Rook op 56th"]
[Site "Chotowa"]
[Date "2014.06.13"]
[Round "9"]
[White "Gawiec, Konrad"]
[Black "Tustanowski, Mateusz"]
[Result "1-0"]
[WhiteElo "1990"]
[BlackElo "1741"]
[PlyCount "73"]
[EventDate "2014.06.08"]
[EventType "team-swiss"]
[EventRounds "9"]
[EventCountry "POL"]
[SourceTitle "EXT 2015"]
[Source "ChessBase"]
[SourceDate "2014.11.20"]
[SourceVersion "1"]
[SourceVersionDate "2014.11.20"]
[SourceQuality "1"]

1. Nf3 d5 2. g3 Nf6 3. Bg2 c6 4. 0-0 Bf5 5. d3 e6 6. Nbd2 Nbd7 7. c4 Bc5 8. a3 a5 9. d4 Ba7 10. b4 a4 11. c5 0-0 12. Nh4 Ne4 13. Bxe4 Bxe4 14. Nxe4 dxe4 15. Ng2 h6 16. Ne3 Nf6 17. Qc2 Qxd4 18. Bb2 Qd8 19. Rfd1 Qe7 20. Bxf6 Qxf6 21. Qxe4 Rad8 22. Nc4 Rd5 23. Qc2 Rfd8 24. Qxa4 Bb8 25. Ne3 Rd2 26. Rxd2 Rxd2 27. Re1 Qe7 28. Qa8 Qc7 29. Nc4 Rd8 30. Qa4 Qd7 31. Ne3 Be5 32. Qc2 b5 33. cxb6 Qb7 34. Rc1 Rc8 35. Nc4 Bb8 36. a4 c5 37. b5 1-0

[Event "Golden Rook op 56th"]
[Site "Chotowa"]
[Date "2014.06.12"]
[Round "8"]
[White "Wacior, Maciej"]
[Black "Gawiec, Konrad"]
[Result "1-0"]
[WhiteElo "1863"]
[BlackElo "1990"]
[PlyCount "91"]
[EventDate "2014.06.08"]
[EventType "team-swiss"]
[EventRounds "9"]
[EventCountry "POL"]
[SourceTitle "EXT 2015"]
[Source "ChessBase"]
[SourceDate "2014.11.20"]
[SourceVersion "1"]
[SourceVersionDate "2014.11.20"]
[SourceQuality "1"]

1. d4 Nf6 2. Nf3 g6 3. Bf4 Bg7 4. e3 0-0 5. c4 d6 6. h3 Nbd7 7. Nc3 c5 8. Be2 a6 9. 0-0 Ne8 10. Qd2 Nc7 11. Rfd1 Rb8 12. Rab1 b5 13. b4 cxb4 14. Rxb4 a5 15. Rbb1 b4 16. Na4 Bb7 17. c5 Nd5 18. cxd6 Nxf4 19. exf4 exd6 20. Nb2 Nb6 21. Rbc1 Qd7 22. Nc4 Nxc4 23. Rxc4 Bd5 24. Rcc1 Rfe8 25. Nh2 Rbc8 26. Bg4 f5 27. Bf3 Bf7 28. a3 Qb5 29. axb4 axb4 30. Rb1 b3 31. Nf1 Bc4 32. Ne3 d5 33. Rb2 Bf8 34. Rdb1 Ba3 35. Rxb3 Bxb3 36. Rxb3 Qa4 37. Bxd5+ Kg7 38. Qd3 Bd6 39. g3 Rb8 40. Rxb8 Rxb8 41. Qc4 Rb4 42. Qc8 Rb8 43. Qe6 Bxf4 44. Nxf5+ gxf5 45. Qf7+ Kh6 46. Qf6+ 1-0

[Event "Rewal op-A 18th"]
[Site "Rewal"]
[Date "2013.08.24"]
[Round "5"]
[White "Marczuk, Dominik"]
[Black "Gawiec, Konrad"]
[Result "1/2-1/2"]
[WhiteElo "2049"]
[BlackElo "1947"]
[PlyCount "97"]
[EventDate "2013.08.20"]
[EventType "swiss"]
[EventRounds "9"]
[EventCountry "POL"]
[SourceTitle "CBM 156 Extra"]
[Source "ChessBase"]
[SourceDate "2013.10.22"]
[SourceVersion "1"]
[SourceVersionDate "2013.10.22"]
[SourceQuality "1"]

1. e4 c5 2. Nf3 Nc6 3. Nc3 g6 4. d4 cxd4 5. Nxd4 Bg7 6. Be3 Nf6 7. Bc4 0-0 8. Bb3 a5 9. f3 d6 10. Qd2 Nxd4 11. Bxd4 Bd7 12. a4 Qc7 13. Bxf6 exf6 14. 0-0-0 Bc6 15. Qxd6 Qxd6 16. Rxd6 Rad8 17. Rxd8 Rxd8 18. Rd1 Bh6+ 19. Kb1 Rxd1+ 20. Nxd1 Bf4 21. h3 Kg7 22. Bd5 Bxa4 23. Bxb7 Bb5 24. Nc3 Bf1 25. Nd5 Bd2 26. c3 Bxg2 27. Kc2 Be1 28. Kd1 Bg3 29. Ke2 Bxh3 30. c4 Bd6 31. Bc6 g5 32. Ne3 Kg6 33. Nf5 Bc5 34. Bd7 Bxf5 35. Bxf5+ Kg7 36. Bg4 Kf8 37. b3 Ke7 38. Kf1 Kd6 39. Bh5 f5 40. exf5 f6 41. Be8 Ke5 42. Bd7 Kf4 43. Kg2 h5 44. Bc8 h4 45. Bd7 h3+ 46. Kxh3 Kxf3 47. Bc6+ Kf4 48. Bd7 Kf3 49. Bc6+ 1/2-1/2

[Event "Olsztyn op U18 blitz"]
[Site "Olsztyn"]
[Date "2013.08.03"]
[Round "2"]
[White "Licznerski, Lukasz"]
[Black "Gawiec, Konrad"]
[Result "1-0"]
[WhiteElo "2043"]
[BlackElo "1947"]
[PlyCount "57"]
[EventDate "2013.08.03"]
[EventType "swiss (blitz)"]
[EventRounds "22"]
[EventCountry "POL"]
[SourceTitle "CBM 155 Extra"]
[Source "ChessBase"]
[SourceDate "2013.08.26"]
[SourceVersion "1"]
[SourceVersionDate "2013.08.26"]
[SourceQuality "1"]

1. e4 c5 2. Nf3 Nc6 3. d4 cxd4 4. Nxd4 g6 5. Nc3 Bg7 6. Nb3 Nf6 7. Be2 0-0 8. 0-0 a5 9. a4 d6 10. Re1 Be6 11. Bb5 Ne5 12. Nd5 Nxd5 13. exd5 Bg4 14. Be2 Bf5 15. Nd4 Bd7 16. Bb5 Rc8 17. c3 Rc5 18. Nb3 Rc8 19. Qe2 Re8 20. h3 Bxb5 21. Qxb5 Nc4 22. Qxb7 Rb8 23. Qa6 Nxb2 24. Nxa5 Bxc3 25. Nc6 Qb6 26. Nxb8 Qxb8 27. Re2 Qb3 28. Bxb2 Bxb2 29. Rb1 1-0

[Event "Olsztyn op U18 rapid"]
[Site "Olsztyn"]
[Date "2013.08.01"]
[Round "1"]
[White "Gawiec, Konrad"]
[Black "Drozdowski, Kacper"]
[Result "0-1"]
[WhiteElo "1947"]
[BlackElo "2437"]
[PlyCount "72"]
[EventDate "2013.08.01"]
[EventType "swiss (rapid)"]
[EventRounds "11"]
[EventCountry "POL"]
[SourceTitle "CBM 155 Extra"]
[Source "ChessBase"]
[SourceDate "2013.08.26"]
[SourceVersion "1"]
[SourceVersionDate "2013.08.26"]
[SourceQuality "1"]

1. e4 c5 2. Nf3 e6 3. d4 cxd4 4. Nxd4 a6 5. Bd3 Nf6 6. Nc3 Qc7 7. Nb3 d6 8. 0-0 Nbd7 9. Qe2 Be7 10. f4 b5 11. Be3 Bb7 12. Nd2 Nc5 13. Bf2 b4 14. Nd1 h5 15. a3 bxa3 16. Rxa3 Ng4 17. b4 Nxd3 18. cxd3 Nxf2 19. Qxf2 d5 20. Qd4 0-0 21. e5 a5 22. Rc3 Qd8 23. bxa5 Rxa5 24. Nb3 Ra2 25. Ne3 Qa8 26. f5 Ra4 27. Qb6 Rb4 28. Qc7 Bg5 29. Qc5 d4 30. Nc2 dxc3 31. Qxb4 Bxg2 32. Rf2 Bh3 33. f6 Rb8 34. Qc4 Qa2 35. Ne1 Qxb3 36. Qc7 Be3 0-1

[Event "Ogolnopolski-ch 55th"]
[Site "Zamosc"]
[Date "2013.??.??"]
[Round "9"]
[White "Gawiec, Konrad"]
[Black "Klimecki, Jacek"]
[Result "1/2-1/2"]
[WhiteElo "1929"]
[BlackElo "2016"]
[PlyCount "70"]
[EventDate "2013.06.07"]
[EventType "swiss"]
[EventRounds "9"]
[EventCountry "POL"]
[SourceTitle "EXT 2014"]
[Source "ChessBase"]
[SourceDate "2013.11.20"]
[SourceVersion "1"]
[SourceVersionDate "2013.11.20"]
[SourceQuality "1"]

1. e4 c6 2. d4 d5 3. Nc3 dxe4 4. Nxe4 Nf6 5. Ng3 e6 6. Bg5 Qb6 7. Rb1 Nbd7 8. c3 c5 9. Be3 cxd4 10. Bxd4 Bc5 11. Nf3 0-0 12. Qb3 Qc7 13. Qc4 a6 14. Bxc5 b5 15. Qh4 Nxc5 16. Be2 Bb7 17. 0-0 Rfd8 18. Nd4 Bd5 19. a3 Nb3 20. Nxb3 Bxb3 21. Bf3 Rab8 22. Rfe1 Bc2 23. Rbc1 Bg6 24. Rcd1 h6 25. h3 Rxd1 26. Rxd1 Rd8 27. Rxd8+ Qxd8 28. Qd4 Qc7 29. a4 e5 30. Qb4 Bd3 31. axb5 axb5 32. Ne4 Nd5 33. Qc5 Bc4 34. Qxc7 Nxc7 35. Nd6 Bd3 1/2-1/2

[Event "Augustow Golden Rook op 53rd"]
[Site "Augustow"]
[Date "2011.06.01"]
[Round "6.22"]
[White "Probola, Bartosz"]
[Black "Gawiec, Konrad"]
[Result "1-0"]
[WhiteElo "2081"]
[BlackElo "1834"]
[PlyCount "65"]
[EventDate "2011.05.29"]
[EventType "team-swiss"]
[EventRounds "9"]
[EventCountry "POL"]
[SourceTitle "EXT 2023"]
[Source "ChessBase"]
[SourceDate "2022.10.05"]
[SourceVersion "1"]
[SourceVersionDate "2022.10.05"]
[SourceQuality "1"]
[WhiteTeam "Tomaszow Lubelski UKS GIM Dwojka"]
[BlackTeam "Czarna LKSz. GCKiP 2"]
[WhiteTeamCountry "POL"]
[BlackTeamCountry "POL"]

1. Nc3 d5 2. e4 dxe4 3. Nxe4 Bf5 4. Ng3 Bg6 5. Nf3 c6 6. h4 h6 7. d4 Nf6 8. Bd3 Bxd3 9. Qxd3 Nbd7 10. Bd2 e6 11. Ne4 Nxe4 12. Qxe4 Nf6 13. Qe2 Qc7 14. c4 0-0-0 15. 0-0-0 Bd6 16. Kb1 Rhe8 17. Bc3 Qe7 18. Ne5 Nd7 19. f4 Kb8 20. Nd3 Nf6 21. Rh3 c5 22. dxc5 Bxc5 23. Nxc5 Qxc5 24. Be5+ Ka8 25. Rhd3 Rxd3 26. Rxd3 Rc8 27. Bd4 Qf5 28. Qc2 Qxf4 29. Be3 Qxh4 30. Qa4 Qe1+ 31. Kc2 Qe2+ 32. Kc1 Qxd3 33. Qxa7# 1-0

[Event "POL-ch U16"]
[Site "Murzasichle"]
[Date "2011.03.07"]
[Round "4"]
[White "Budzinski, Jan"]
[Black "Gawiec, Konrad"]
[Result "1-0"]
[WhiteElo "1946"]
[BlackElo "1878"]
[PlyCount "67"]
[EventDate "2011.03.05"]
[EventType "swiss"]
[EventRounds "9"]
[EventCountry "POL"]
[SourceTitle "EXT 2012"]
[Source "ChessBase"]
[SourceDate "2011.11.24"]
[SourceVersion "1"]
[SourceVersionDate "2011.11.24"]
[SourceQuality "1"]

1. e4 c5 2. Nc3 Nc6 3. Bb5 Nd4 4. Bc4 g6 5. Nf3 Bg7 6. Nxd4 cxd4 7. Qf3 e6 8. Nb5 d6 9. Qg3 e5 10. Qa3 Bf8 11. Qb3 Qd7 12. Nxa7 Qe7 13. Nxc8 Rxc8 14. d3 Bg7 15. Qb5+ Kf8 16. 0-0 Nf6 17. f4 h6 18. fxe5 dxe5 19. Bd2 Kg8 20. a4 Kh7 21. Bb4 Qc7 22. Rf3 Qc6 23. Qxe5 Rhe8 24. Qxd4 Nxe4 25. Rxf7 Nf6 26. Bb5 Red8 27. Bxc6 Rxd4 28. Bc3 Rd6 29. Bxb7 Re8 30. Rf1 Ree6 31. Bxf6 Rxf6 32. R1xf6 Rxf6 33. Rxf6 Bxf6 34. c3 1-0

[Event "Krakow op-B 21st"]
[Site "Krakow"]
[Date "2011.??.??"]
[Round "5.10"]
[White "Gawiec, Konrad"]
[Black "Bartoszewicz, Marcin"]
[Result "1-0"]
[WhiteElo "1846"]
[BlackElo "1972"]
[PlyCount "117"]
[EventDate "2010.12.27"]
[EventType "swiss"]
[EventRounds "9"]
[EventCountry "POL"]
[SourceTitle "EXT 2023"]
[Source "ChessBase"]
[SourceDate "2022.10.05"]
[SourceVersion "1"]
[SourceVersionDate "2022.10.05"]
[SourceQuality "1"]

1. e4 c5 2. Nf3 a6 3. d4 cxd4 4. Nxd4 Nf6 5. Nc3 d6 6. Be2 e6 7. 0-0 Qc7 8. Be3 Be7 9. f4 b5 10. a3 Bb7 11. Bf3 Nbd7 12. Nb3 0-0 13. Qe2 Rac8 14. Qf2 Nc5 15. Nxc5 dxc5 16. e5 Nd5 17. Nxd5 Bxd5 18. Rad1 Rfd8 19. Rd2 Bxf3 20. Rxd8+ Rxd8 21. Qxf3 Rd5 22. h3 Qd7 23. Kh2 g6 24. Rc1 c4 25. Rf1 Bd8 26. Re1 Ba5 27. c3 Bd8 28. Bd4 a5 29. Qf2 Be7 30. Qe3 Qb7 31. Qf2 Qc6 32. Kg3 Kf8 33. Qe3 Bc5 34. Bxc5+ Qxc5 35. Qxc5+ Rxc5 36. Rd1 Rd5 37. Rxd5 exd5 38. Kf3 d4 39. cxd4 b4 40. axb4 c3 41. bxc3 a4 42. b5 Ke7 43. d5 a3 44. b6 Kd7 45. e6+ fxe6 46. dxe6+ Kxe6 47. b7 a2 48. b8Q a1Q 49. Qe5+ Kf7 50. Kg3 Qd1 51. Kh2 Qf1 52. Qc7+ Ke6 53. c4 h5 54. c5 Qf2 55. Qd6+ Kf7 56. Qd7+ Kf6 57. Qd8+ Kg7 58. Qg5 Qc2 59. f5 1-0